Excellence in engineering educational institutions through TQM and lean thinking (Record no. 68808)

000 -LEADER
fixed length control field 00494pab a2200169 454500
008 - FIXED-LENGTH DATA ELEMENTS--GENERAL INFORMATION
fixed length control field 180718b2005 xxu||||| |||| 00| 0 eng d
100 ## - MAIN ENTRY--PERSONAL NAME
Personal name Pandi, A. Pal
245 ## - TITLE STATEMENT
Title Excellence in engineering educational institutions through TQM and lean thinking
260 ## - PUBLICATION, DISTRIBUTION, ETC.
Date of publication, distribution, etc. 2005
300 ## - PHYSICAL DESCRIPTION
Extent p.91-98.
362 ## - DATES OF PUBLICATION AND/OR SEQUENTIAL DESIGNATION
Dates of publication and/or sequential designation Oct-Dec
650 ## - SUBJECT ADDED ENTRY--TOPICAL TERM
Topical term or geographic name entry element Total quality management
650 ## - SUBJECT ADDED ENTRY--TOPICAL TERM
Topical term or geographic name entry element Engineering education
700 ## - ADDED ENTRY--PERSONAL NAME
Personal name Rao, U. Surya
773 ## - HOST ITEM ENTRY
Main entry heading Indian Journal of Training and Development
909 ## -
-- 68808
Holdings
Withdrawn status Lost status Damaged status Not for loan Permanent Location Current Location Date acquired Serial Enumeration / chronology Barcode Date last seen Price effective from Koha item type
        Indian Institute of Public Administration Indian Institute of Public Administration 2018-07-19 Volume no: 35, Issue no: 4 AR69264 2018-07-19 2018-07-19 Articles

Powered by Koha